From Now On - Hugh Jackman & The Greatest Showman Ensemble - All - Statistics

General Stats
  • This quiz has been taken 200 times
  • The average score is 365 of 424
Answer Stats
Answer % Correct
A
98%
an
98%
And
98%
and
98%
from
98%
From
98%
(From
98%
I
98%
the
98%
The
98%
oh,
97%
ooh
97%
on
96%
on)
96%
on,
96%
yes)
96%
be
95%
now
95%
to
94%
will
93%
back
91%
in
91%
we
91%
come
89%
again
88%
again,
88%
by
88%
me
88%
my
88%
blinded
87%
for
87%
For
87%
home
87%
Home
87%
lights
87%
not
87%
start
87%
this
87%
it
86%
tonight,
86%
tonight
86%
When
86%
when
86%
who
86%
eyes
85%
These
85%
you
85%
heart
84%
Like
84%
starts
83%
what's
83%
What's
83%
was
81%
Let
80%
let
80%
tomorrow
80%
man
79%
all
76%
'til
76%
with
76%
anthem
75%
But
74%
remember
73%
see
73%
waited
73%
champagne
72%
here
72%
promise
72%
that
72%
kings
71%
of
71%
queens
71%
became
70%
is
69%
more
69%
name
69%
years
69%
years,
69%
stop
68%
'Cause
66%
drank
66%
politicians
66%
saw
66%
there
66%
someone
63%
begin
62%
praised
62%
those
62%
always
61%
dreams
61%
sun
61%
their
61%
else's
60%
were
60%
Can
58%
chased
58%
cold
58%
dim
58%
won't
58%
cheers
57%
felt
57%
If
57%
needin'
57%
crazy
56%
him
56%
lost,
55%
walls
55%
wind
55%
winter
54%
hold
53%
led
53%
blow
52%
true
52%
learns
51%
only
51%
pitfalls
51%
then,
51%
fades
49%
speed
48%
glitter
47%
remains
47%
rubble,
46%
gained
45%
there's
41%
one
30%
No matching quizzes found
Score Distribution
Percent of People with Each Score
Percentile by Number Answered
Your Score History
You have not taken this quiz